Statistiques concernant Effectif du PSG 2022

Cliquez ici pour prendre le quiz!

Statistiques générales

  • Ce quiz a été pris 5 342 fois
  • Le résultat moyen est 19 sur 32

Statistiques - réponses

HintRéponse% Correct
AttaquantMbappé
98%
AttaquantNeymar
98%
AttaquantMessi
97%
GardienNavas
91%
MilieuVerrati
87%
GardienDonnaruma
86%
DéfenseurKimpembe
86%
DéfenseurHakimi
83%
DéfenseurMarquinhos
83%
DéfenseurRamos
80%
AttaquantIcardi
77%
DéfenseurMendes
74%
DéfenseurBernat
67%
MilieuParedes
64%
MilieuDi Maria
63%
MilieuGueye
61%
GardienLetellier
61%
MilieuPereira
55%
MilieuHerrera
53%
MilieuSimons
52%
DéfenseurKurzawa
49%
DéfenseurDiallo
48%
MilieuDraxler
48%
DéfenseurDagba
44%
MilieuMichut
44%
MilieuWijnaldum
44%
MilieuGharbi
29%
MilieuDina Ebimbe
23%
DéfenseurBitshiabu
15%
GardienFranchi
13%
DéfenseurKeher
10%
MilieuBitumazala
7%

Distribution des résultats

Percentile par nombre de réponses

% des personnes avec chaque résultat

Votre développement - résultats

Vous n’avez pas pris ce quiz